Pokémon - Les attaques de Glaivodo - Statistiques

Statistiques générales
  • Ce quiz a été pris 21 fois
  • Le résultat moyen est 13 sur 17
Statistiques - réponses
Niveaux Types Noms des attaques % Correct
Niveau 35 Dragon Draco-Griffe
100%
Départ Normal Charge
93%
Départ Évolution Dragon Charge Glaive
93%
Niveau 55 Ténèbres Mâchouille
93%
Niveau 62 Glace Chute Glace
86%
Niveau 12 Dragon Draco-Souffle
86%
Niveau 48 Glace Laser Glace
86%
Niveau 24 Ténèbres Morsure
86%
Niveau 29 Glace Crocs Givre
79%
Départ Glace Éclats Glace
79%
Départ Normal Groz'Yeux
71%
Départ Dragon Draco-Queue
64%
Départ Dragon Abattage
57%
Niveau 42 Normal Bélier
57%
Départ Glace Chute de Neige
57%
Niveau 6 Glace Vent Glace
57%
Niveau 18 Normal Puissance
7%
Aucun quiz correspondant
Distribution des résultats
% des personnes avec chaque résultat
Percentile par nombre de réponses
Votre historique - résultats
Vous n’avez pas pris ce quiz